Código Penal y de Procedimientos Penales para el Estado de Oaxaca /

Guardado en:
Detalles Bibliográficos
Autor corporativo: Oaxaca
Formato: Libro
Idioma:Español
Publicado: México : Porrúa, 1989, c1989
Colección:(Leyes y Códigos de México)
Temas:
Etiquetas: Agrega una etiqueta
Sin etiquetas, Sé el primero en etiquetar este registro!

MARC

LEADER 00000nam^a2200000^a^4500
001 000033889
005 20250521000000.0
009 20260526114425.229
037 |a Acervo ITESO - Biblioteca 
041 |a ESP 
082 |a 345. 7274  |b OAX 1989 
110 |a Oaxaca 
240 1 1 |a [Código Penal Federal] 
240 1 1 |a [Código de Procedimientos Penales] 
245 1 0 |a Código Penal y de Procedimientos Penales para el Estado de Oaxaca / 
264 4 |a México :  |b Porrúa,  |c 1989, c1989 
300 |a 262 p. 
336 |a texto  |b txt  |2 rdacontenido 
337 |a sin mediación  |b n  |2 rdamedio 
338 |a volumen  |b nc  |2 rdasoporte 
440 1 |a (Leyes y Códigos de México) 
649 |a XX 
650 |a Proceso Penal -  |z Oaxaca -  |x Leyes y Reglamentos 
650 |a Proceso Penal -  |z México -  |x Leyes y Reglamentos 
650 |a Derecho Penal -  |z Oaxaca -  |x Leyes y Reglamentos 
650 |a Derecho Penal -  |z México -  |x Leyes y Reglamentos 
650 |a Derecho Procesal Penal -  |z Oaxaca -  |x Leyes y Reglamentos 
650 |a Derecho Procesal Penal -  |z México -  |x Leyes y Reglamentos 
650 |a Derecho Procesal -  |z Oaxaca -  |x Leyes y Reglamentos 
650 |a Derecho Procesal -  |z México -  |x Leyes y Reglamentos 
650 |a Derecho Público -  |z Oaxaca -  |x Leyes y Reglamentos 
650 |a Derecho Público -  |z México -  |x Leyes y Reglamentos 
740 0 |a Código Penal para el Estado Libre y Soberano de Oaxaca / 
740 0 |a Código de Procedimientos Penales para el Estado Libre y Soberano de Oaxaca / 
910 |a Fondo General 
920 |a Impresos - Libros 
930 |a Colección General 
905 |a 101 
901 |a 0338890100  |b IT1  |c ACC  |i 033889  |u 20250521 
902 |a https://opac.biblio.iteso.mx/vufind/Record/000033889